A Choices of Scenes From Shakesspeare/ (Record no. 199398)

MARC details
000 -LEADER
fixed length control field 00593nam a22001937a 4500
005 - DATE AND TIME OF LATEST TRANSACTION
control field 20231201170215.0
010 ## - LCCN (DPL NO)
LC control number ENG-138545
020 ## - INTERNATIONAL STANDARD BOOK NUMBER
International Standard Book Number 9788189708597
Terms of availability 195.00
035 ## - SYSTEM CONTROL NUMBER
System control number EN-122077
037 ## - SOURCE OF ACQUISITION
Stock number DBAD/PUB
082 ## - DEWEY DECIMAL CLASSIFICATION NUMBER
Classification number 882
Edition number 1
245 ## - TITLE STATEMENT
Title A Choices of Scenes From Shakesspeare/
Remainder of title Edited By S.A Sankaranarayanan
250 ## - EDITION STATEMENT
Edition statement 1
260 ## - PUBLICATION, DISTRIBUTION, ETC. (IMPRINT)
Place of publication, distribution, etc Chennai
Name of publisher, distributor, etc Kaanthalakam
Date of publication, distribution, etc 2015
270 ## - ADDRESS
Address 68, Annaa Saalai
City Chennai
Postal code 600002
Electronic mail address tamilnool@tamilnool.com
300 ## - PHYSICAL DESCRIPTION
Extent 120p.
Dimensions 22cm(pbk)
700 ## - ADDED ENTRY--PERSONAL NAME
Personal name Sankaranarayanan, S.A
Relator term Editor
9 (RLIN) 59351
942 ## - ADDED ENTRY ELEMENTS (KOHA)
Source of classification or shelving scheme Dewey Decimal Classification
Item type English Books
Classification part 882
Call number suffix SHA
Holdings
Withdrawn status Lost status Not for loan Collection code Home library Current library Date acquired Source of acquisition Cost, normal purchase price Full call number Barcode Copy number Cost, replacement price Koha item type
      Non-fiction Vinoba Puri Vinoba Puri 01/12/2023 DBAD/PUB 195.00 882 SHA EN-122077 1 195.00 English Books

© Delhi Public Library
Hit Counter
free hit counter